[Event "SVK ECo-C Extraliga 2018-19"]
[Site "Slovakia"]
[Date "2019.02.16"]
[Round "5.8"]
[White "Petran, Peter"]
[Black "Motycakova, Monika"]
[Result "1-0"]
[WhiteElo "2236"]
[BlackElo "2156"]
[Annotator "NA"]
[PlyCount "129"]
[EventDate "2018.11.10"]
[EventType "team-tourn"]
[EventCountry "SVK"]
[SourceTitle "playchess.com"]
[Source "ChessBase"]
[SourceQuality "1"]
[WhiteTeam "Slovan"]
[BlackTeam "Liptovska"]
[TimeControl "40/5400+30:1800+30"]

1. Nf3 {[%emt 0:00:00]} d5 {[%emt 0:04:45]} 2. c4 {[%emt 0:00:10]} d4 {[%emt 0:00:51]} 3. e3 {[%emt 0:04:10]} c5 {[%emt 0:07:59]} 4. exd4 {[%emt 0:03:34]} cxd4 {[%emt 0:00:06]} 5. b4 {[%emt 0:01:39]} g6 {[%emt 0:05:23]} 6. d3 {[%emt 0:00:50]} Bg7 {[%emt 0:00:31]} 7. Nbd2 {[%emt 0:01:49]} b6 {[%emt 0:11:12]} 8. g3 {[%emt 0:02:53]} Bb7 {[%emt 0:01:20]} 9. Bg2 {[%emt 0:00:09]} e5 {[%emt 0:08:08]} 10. O-O {[%emt 0:00:32]} Ne7 {[%emt 0:00:38]} 11. Re1 {[%emt 0:00:15]} Nd7 {[%emt 0:07:50]} 12. Ne4 {[%emt 0:05:53]} Qc7 {[%emt 0:04:36]} 13. a4 {[%emt 0:15:42]} O-O {[%emt 0:03:21]} 14. Ba3 {[%emt 0:01:48]} Rfe8 {[%emt 0:03:25]} 15. c5 {[%emt 0:06:45]} Bxe4 {[%emt 0:04:32]} 16. Rxe4 {[%emt 0:01:59]} bxc5 {[%emt 0:05:00]} 17. Rc1 {[%emt 0:02:30]} Rab8 {[%emt 0:06:02]} 18. Re1 {[%emt 0:03:16]} Nc6 {[%emt 0:12:49]} 19. bxc5 {[%emt 0:02:55]} Nf6 {[%emt 0:06:18]} 20. Ng5 {[%emt 0:02:02]} h6 {[%emt 0:03:00]} 21. Ne4 {[%emt 0:00:22]} Nxe4 {[%emt 0:00:06]} 22. Bxe4 {[%emt 0:00:08]} Rec8 {[%emt 0:00:31]} 23. Qc2 {[%emt 0:00:56]} Qd7 {[%emt 0:01:48]} 24. Rb1 {[%emt 0:01:35]} Kh7 {[%emt 0:00:53]} 25. Qc4 {[%emt 0:01:57]} Na5 {[%emt 0:00:37]} 26. Qc2 {[%emt 0:03:18]} Nc6 {[%emt 0:00:03]} 27. Rb5 {[%emt 0:02:19]} a6 {[%emt 0:01:03]} 28. Rb3 {[%emt 0:05:45]} Rxb3 {[%emt 0:00:30]} 29. Qxb3 {[%emt 0:00:05]} Rc7 {[%emt 0:00:15]} 30. Rb1 {[%emt 0:02:06]} Bf8 {[%emt 0:00:04]} 31. Qc2 {[%emt 0:05:44]} Qc8 {[%emt 0:00:05]} 32. Qa2 {[%emt 0:04:34]} Nd8 {[%emt 0:00:47]} 33. c6 {[%emt 0:04:10]} Bxa3 {[%emt 0:00:05]} 34. Qxa3 {[%emt 0:00:02]} Nxc6 {[%emt 0:00:14]} 35. Qd6 {[%emt 0:00:23]} Qd8 {[%emt 0:01:30]} 36. Qc5 {[%emt 0:02:09]} Ne7 {[%emt 0:00:58]} 37. Qxe5 {[%emt 0:00:29]} Ng8 {[%emt 0:00:37]} 38. h4 {[%emt 0:02:50]} Nf6 {[%emt 0:00:23]} 39. Bf3 {[%emt 0:00:47]} h5 {[%emt 0:00:22]} 40. Kg2 {[%emt 0:00:38]} Kg7 {[%emt 0:00:25]} 41. Rb6 {[%emt 0:31:43]} Ra7 {[%emt 0:15:15]} 42. Rd6 {[%emt 0:00:00]} Qe7 {[%emt 0:00:05]} 43. Qxe7 {[%emt 0:00:00]} Rxe7 {[%emt 0:00:05]} 44. Rxa6 {[%emt 0:00:00]} Rd7 {[%emt 0:02:06]} 45. Rc6 {[%emt 0:00:00]} Ng4 {[%emt 0:03:27]} 46. Bxg4 {[%emt 0:00:00]} hxg4 {[%emt 0:00:42]} 47. Kf1 {[%emt 0:00:00]} Kf8 {[%emt 0:03:33]} 48. Ke2 {[%emt 0:00:00]} Ke7 {[%emt 0:00:07]} 49. Kd2 {[%emt 0:00:00]} Rd5 {[%emt 0:00:34]} 50. Rc4 {[%emt 0:00:00]} Rf5 {[%emt 0:03:26]} 51. Ke1 {[%emt 0:00:00]} Rd5 {[%emt 0:00:07]} 52. Kd1 {[%emt 0:00:00]} Ke6 {[%emt 0:01:17]} 53. Kc1 {[%emt 0:00:00]} Ke7 {[%emt 0:03:22]} 54. Kb2 {[%emt 0:00:00]} Rf5 {[%emt 0:00:54]} 55. Rc2 {[%emt 0:00:00]} Rf3 {[%emt 0:01:04]} 56. Rd2 {[%emt 0:00:00]} Kd6 {[%emt 0:00:04]} 57. Kb3 {[%emt 0:00:00]} Kc5 {[%emt 0:00:47]} 58. a5 {[%emt 0:03:50]} Kb5 {[%emt 0:01:56]} 59. a6 {[%emt 0:00:10]} Kxa6 {[%emt 0:00:33]} 60. Kc4 {[%emt 0:00:03]} Kb6 {[%emt 0:00:29]} 61. Kxd4 {[%emt 0:00:06]} Kc6 {[%emt 0:00:14]} 62. Ra2 {[%emt 0:01:07]} Rf5 {[%emt 0:00:27]} 63. Ke3 {[%emt 0:02:00]} Kd6 {[%emt 0:01:02]} 64. Ra4 {[%emt 0:00:44]} Rf3+ {[%emt 0:00:42]} 65. Ke2 {[%emt 0:00:06]} 1-0

[Event "SVK ECo-C Extraliga 2018-19"]
[Site "Slovakia"]
[Date "2019.02.16"]
[Round "5.8"]
[White "Federic, Jozef"]
[Black "Maslikova, Veronika"]
[Result "1-0"]
[WhiteElo "2218"]
[BlackElo "2229"]
[Annotator "NA"]
[PlyCount "59"]
[EventDate "2018.11.10"]
[EventType "team-tourn"]
[EventCountry "SVK"]
[SourceTitle "playchess.com"]
[Source "ChessBase"]
[SourceQuality "1"]
[WhiteTeam "Modra"]
[BlackTeam "Podhajska"]
[TimeControl "40/5400+30:1800+30"]

1. d4 {[%emt 0:00:00]} Nf6 {[%emt 0:00:00]} 2. Nf3 {[%emt 0:00:00]} g6 {[%emt 0:00:00]} 3. Nbd2 {[%emt 0:03:01]} d5 {[%emt 0:04:50]} 4. c4 {[%emt 0:01:41]} c6 {[%emt 0:02:48]} 5. e3 {[%emt 0:02:46]} Bg7 {[%emt 0:02:07]} 6. Bd3 {[%emt 0:01:09]} O-O {[%emt 0:01:30]} 7. O-O {[%emt 0:00:57]} Nbd7 {[%emt 0:09:00]} 8. h3 {[%emt 0:13:23]} Qc7 {[%emt 0:11:13]} 9. Qc2 {[%emt 0:09:41]} Qb8 {[%emt 0:09:18]} 10. b3 {[%emt 0:04:24]} a5 {[%emt 0:06:47]} 11. Bb2 {[%emt 0:03:11]} b6 {[%emt 0:07:01]} 12. Rfe1 {[%emt 0:05:02]} Bb7 {[%emt 0:03:11]} 13. Rad1 {[%emt 0:02:45]} c5 {[%emt 0:12:03]} 14. e4 {[%emt 0:03:53]} dxe4 {[%emt 0:02:24]} 15. Nxe4 {[%emt 0:00:28]} cxd4 {[%emt 0:02:18]} 16. Nxd4 {[%emt 0:01:22]} Ne5 {[%emt 0:05:30]} 17. Nxf6+ {[%emt 0:02:19]} Bxf6 {[%emt 0:00:04]} 18. Be4 {[%emt 0:00:31]} Rc8 {[%emt 0:09:41]} 19. Nb5 {[%emt 0:03:40]} Nc6 {[%emt 0:03:17]} 20. Bxf6 {[%emt 0:04:10]} exf6 {[%emt 0:00:02]} 21. Qb2 {[%emt 0:06:21]} Re8 {[%emt 0:04:25]} 22. Qxf6 {[%emt 0:01:15]} Re6 {[%emt 0:00:07]} 23. Qc3 {[%emt 0:01:40]} Nb4 {[%emt 0:01:56]} 24. Bxb7 {[%emt 0:01:40]} Rxe1+ {[%emt 0:00:02]} 25. Rxe1 {[%emt 0:00:28]} Qxb7 {[%emt 0:00:01]} 26. Qf6 {[%emt 0:02:30]} Qd7 {[%emt 0:01:16]} 27. Nd6 {[%emt 0:02:59]} Rf8 {[%emt 0:00:46]} 28. Re7 {[%emt 0:00:47]} Qd8 {[%emt 0:00:50]} 29. Nxf7 {[%emt 0:00:43]} Qxe7 {[%emt 0:00:20]} 30. Nh6# 1-0

[Event "SVK ECo-C Extraliga 2018-19"]
[Site "Slovakia"]
[Date "2019.02.17"]
[Round "6"]
[White "Piorun, Kacper"]
[Black "Babula, Vlastimil"]
[Result "1/2-1/2"]
[WhiteElo "2631"]
[BlackElo "2541"]
[Annotator "TA"]
[PlyCount "33"]
[EventDate "2018.11.10"]
[EventType "team-tourn"]
[EventCountry "SVK"]
[SourceTitle "playchess.com"]
[Source "ChessBase"]
[SourceQuality "1"]
[WhiteTeam "Dunajov"]
[BlackTeam "Snina"]

{[%evp 22,33,-27,-31,-25,-39,-27,-50,0,0,0,0,0,-42]} 1. e4 c5 2. Nf3 e6 3. g3 Nc6 4. Bg2 Nf6 5. d3 d6 {[%cal Bd7d6,Bd6d5][%mdl 32]} 6. O-O Be7 7. Nc3 O-O 8. Nd2 {B50: Sicilian: 2...d6, Miscellaneous} (8. h3 Rb8 9. a4 b6 10. d4 cxd4 11. Nxd4 Nxd4 12. Qxd4 a6 13. Be3 Qc7 14. Qd3 Nd7 15. Rad1 Bb7 16. Bf4 {0-1 (32) Mozharov,M (2508)-Morozevich,A (2739) Moscow 2013}) 8... Rb8 9. f4 d5 $146 ({Predecessor:} 9... Nd4 10. Ne2 Nxe2+ 11. Qxe2 Re8 12. h3 d5 13. e5 Nd7 14. c4 Bf8 15. Nf3 b5 16. cxd5 exd5 {1-0 (36) Delgado Ramirez,N (2583)-Abdalla,L (2263) Sao Paulo 2013}) 10. e5 Nd7 11. Nf3 b5 12. Ne2 {LiveBook: 6 Games} d4 13. g4 f6 14. a4 a6 {[%cal Rf6e5]} 15. axb5 {The position is equal.} axb5 {[%cal Rf6e5]} 16. exf6 Nxf6 17. h3 1/2-1/2

[Event "SVK ECo-C Extraliga 2018-19"]
[Site "Slovakia"]
[Date "2019.02.17"]
[Round "6"]
[White "Balogh, Csaba"]
[Black "Jakab, Bela"]
[Result "1/2-1/2"]
[WhiteElo "2628"]
[BlackElo "2320"]
[Annotator "TA"]
[PlyCount "78"]
[EventDate "2018.11.10"]
[EventType "team-tourn"]
[EventCountry "SVK"]
[SourceTitle "playchess.com"]
[Source "ChessBase"]
[SourceQuality "1"]
[WhiteTeam "Modra"]
[BlackTeam "Komarno"]

{[%evp 17,78,0,0,0,1,-8,-8,-8,-11,-7,-11,-16,-8,-72,-64,-68,-71,-61,-48,-81,-71,-85,-82,-89,-70,-81,-78,-76,-69,-53,-69,-95,-69,-79,-51,-97,-94,-78,-60,-72,-75,-69,-85,-106,-16,-21,-33,-24,0,0,0,-11,-9,-9,-8,-8,0,0,3,0,0,-2,0]} 1. e4 e6 2. d4 d5 3. Nd2 c5 4. exd5 Qxd5 5. dxc5 Bxc5 6. Ngf3 Nf6 7. Bc4 Qc6 {C07: French Tarrasch: 3...c5, 4 Ngf3 and 4 exd5 Qxd5} 8. Qe2 a6 9. Nb3 Bd6 {LiveBook: 6 Games} 10. Bg5 b5 11. Bd3 Nbd7 12. O-O O-O 13. c4 bxc4 14. Bxc4 {[#]} Bb7 $146 ({Predecessor:} 14... h6 15. Be3 Nb6 16. Na5 Qc7 17. Rac1 Qb8 18. Nc6 Qb7 19. Na5 Qb8 20. Nc6 {½-½ (20) Antal,G (2539)-Fedoseev,V (2685) Gjakova 2016}) 15. Na5 {[#]} (15. Rfd1 $11) 15... Bxh2+ $1 $17 {[%mdl 512]} 16. Kh1 (16. Nxh2 Qxg2#) 16... Qb6 $1 {[%cal Rb6a5]} 17. Nxb7 Bb8 18. Rad1 Qxb7 19. Rd3 h6 20. Rb3 Qc6 21. Bd2 Ne4 22. Be3 Ndc5 23. Ra3 a5 24. Nd4 Qb7 25. Nb5 Qe7 {( -> ...Qh4+)} 26. Qh5 Rd8 27. Kg1 Nb7 28. Qg4 Nf6 29. Qh4 Be5 30. Be2 Bxb2 (30... Qb4 $17 31. Qxb4 axb4) 31. Rb3 $11 Be5 32. Na7 Nc5 33. Nc6 {The position is equal.} Qc7 34. Nxd8 {Black must now prevent Rc1.} Nxb3 35. Nxe6 fxe6 36. axb3 Nd5 37. Bc4 Rf8 38. Qe4 Nxe3 39. Qxe3 Kh8 {Precision: White = 66%, Black = 52%.} 1/2-1/2

[Event "SVK ECo-C Extraliga 2018-19"]
[Site "Slovakia"]
[Date "2019.02.17"]
[Round "6"]
[White "Markos, Jan"]
[Black "Antoniewski, Rafal"]
[Result "1-0"]
[WhiteElo "2551"]
[BlackElo "2513"]
[Annotator "TA"]
[PlyCount "77"]
[EventDate "2018.11.10"]
[EventType "team-tourn"]
[EventCountry "SVK"]
[SourceTitle "playchess.com"]
[Source "ChessBase"]
[SourceQuality "1"]
[WhiteTeam "Snina"]
[BlackTeam "Dunajov"]

{[%evp 10,77,28,18,28,22,20,25,42,19,61,54,54,43,53,45,41,14,57,52,73,25,41,16,45,33,39,36,26,32,118,117,209,213,292,263,256,188,217,211,311,314,559,549,533,498,499,499,499,499,498,452,424,398,398,354,408,367,400,343,446,445,479,294,287,297,286,285,654,636]} 1. d4 d5 2. c4 dxc4 3. Nf3 a6 4. e3 b5 5. a4 Bb7 6. b3 e6 {D22: Queen's Gambit Accepted: 3 Nf3 a6 4 e3} 7. bxc4 bxc4 8. Bxc4 Nf6 {White has an edge.} 9. O-O Nbd7 10. Nbd2 c5 11. Rb1 Ra7 12. Bb2 Be7 13. dxc5 Nxc5 14. Bd4 {[#]} O-O $146 15. Qe2 (15. Nb3 $5 {[%cal Rb3c5]} Qc8 16. Bd3 $16) 15... Nfd7 16. Rfc1 Qa8 17. Ne5 Nxe5 18. Bxe5 Rc8 19. Qg4 {[%csl Ge5][%cal Rg4g7] [#]} Bf8 ({Black should try} 19... g6 $1 $14) 20. Bd4 $16 Rd8 (20... Rc7 $16) 21. Nb3 $40 {[%mdl 128] White wants a kill.} h5 22. Qg5 Rxd4 23. Nxd4 Be4 24. Rb6 ({Resist} 24. Qxh5 $6 Bxb1 25. Rxb1 Rb7 $14) 24... g6 (24... Rc7 $142 25. Bf1 g6) 25. f3 Be7 $2 (25... Nd7) 26. Qf4 {[#] Threatens to win with Rb8+.} Rb7 27. a5 Rxb6 28. axb6 Bb7 29. Nb3 Qf8 30. Na5 Qd8 31. Nxb7 Nxb7 32. Qd4 Qc8 33. Kh1 Qc6 34. Rb1 Nc5 35. Bd3 f5 36. b7 Nxb7 37. Qa7 Qd6 38. Be2 ({But not} 38. Bxa6 Nc5 $18) 38... Nc5 $2 (38... Nd8 39. Rd1 Qa3) 39. Rd1 {Accuracy: White = 59%, Black = 29%.} 1-0

[Event "SVK ECo-C Extraliga 2018-19"]
[Site "Slovakia"]
[Date "2019.02.17"]
[Round "6"]
[White "Bulski, Krzysztof"]
[Black "Kriebel, Tadeas"]
[Result "1/2-1/2"]
[WhiteElo "2537"]
[BlackElo "2517"]
[Annotator "TA"]
[PlyCount "45"]
[EventDate "2018.11.10"]
[EventType "team-tourn"]
[EventCountry "SVK"]
[SourceTitle "playchess.com"]
[Source "ChessBase"]
[SourceQuality "1"]
[WhiteTeam "Dunajov"]
[BlackTeam "Snina"]

{[%evp 27,29,0,0,2]} 1. d4 d5 2. c4 dxc4 3. Nf3 Nf6 4. e3 Bg4 5. h3 Bh5 6. Bxc4 e6 7. Nc3 Nc6 8. Be2 a6 9. O-O Bd6 10. b3 O-O 11. Bb2 Qe7 12. Ne5 Bxe2 {D22: Queen's Gambit Accepted: 3 Nf3 a6 4 e3} 13. Nxc6 Bxd1 (13... Qe8 14. Qxe2 Qxc6 15. Rac1 Ne4 16. Rfd1 Nxc3 17. Rxc3 Qb5 18. Rc2 f5 19. e4 fxe4 20. Qxe4 {½-½ (53) Sundararajan,K (2442)-Sasikiran,K (2658) Barcelona 2016}) 14. Nxe7+ Bxe7 {LiveBook: 13 Games} 15. Rfxd1 {[#]} {Predecessor:} Rfd8 $146 16. Rac1 Rd7 17. Kf1 Nd5 18. Ke2 f6 19. Rc2 Nb4 20. Rcc1 Nd5 21. Rc2 Nb4 22. Rcc1 Nd5 23. Rc2 {½-½ (23) Menezes,C (2404)-Vorobiov,E (2553) Teplice 2018} 1/2-1/2

[Event "SVK ECo-C Extraliga 2018-19"]
[Site "Slovakia"]
[Date "2019.02.17"]
[Round "6"]
[White "Zilka, Stepan"]
[Black "Roubalik, Jakub"]
[Result "1-0"]
[WhiteElo "2528"]
[BlackElo "2410"]
[Annotator "TA"]
[PlyCount "95"]
[EventDate "2018.11.10"]
[EventType "team-tourn"]
[EventCountry "SVK"]
[SourceTitle "playchess.com"]
[Source "ChessBase"]
[SourceQuality "1"]
[WhiteTeam "Prakovce"]
[BlackTeam "Dubnica"]

{[%evp 20,95,34,32,31,38,39,36,49,33,28,6,18,6,8,0,31,36,29,-49,-41,-57,0,0,0,0,0,0,31,35,37,25,31,35,77,74,63,57,379,377,373,372,363,331,292,222,391,167,212,168,159,0,0,0,176,73,83,69,55,0,87,63,211,203,200,179,206,198,624,598,629,610,2712,718,602,415,581,516]} 1. e4 e5 2. Nf3 Nc6 3. Bc4 Nf6 4. d3 Bc5 5. O-O d6 6. c3 O-O 7. Bb3 a6 8. Nbd2 {[%cal Bb1d2,Bd2f1,Bf1g3][%mdl 32]} Ba7 9. h3 Ne7 10. Re1 Ng6 11. Nf1 Re8 {C54: Giuoco Piano: 4 c3 Nf6, main lines with 5 d4 and 5 d3} 12. Ng3 Be6 (12... h6 13. d4 c6 14. Be3 exd4 15. Bxd4 c5 {½-½ (15) Andreikin,D (2719)-Mamedyarov,S (2817) St Petersburg 2018}) 13. d4 h6 {White is slightly better.} 14. Be3 (14. Bxe6 {with more complications.} Rxe6 15. Qc2 c6 16. Be3 Qc7 17. Rad1) 14... exd4 15. Bxd4 c5 $146 ({Predecessor:} 15... Nd7 16. Nh5 Bxb3 17. axb3 Nde5 18. Bxa7 Nxf3+ 19. Qxf3 Rxa7 20. b4 Ra8 {½-½ (52) Sedina,E (2256)-Maier,C (2394) Switzerland 2017}) 16. Bxf6 Qxf6 17. Bxe6 Qxe6 18. Nf5 Rad8 19. Qa4 (19. Qd5 $11) 19... Nf4 $1 $15 20. Rad1 d5 (20... c4 $15 21. Qc2 (21. Rxd6 Rxd6 22. Nxd6 b5 $17) 21... Qf6) 21. exd5 $11 {[%mdl 64] Pin} Ne2+ 22. Rxe2 Qxe2 23. Re1 $1 {[%cal Re1e2]} Qb5 (23... Qxe1+ $5 24. Nxe1 Rxe1+ 25. Kh2 Bb8+ 26. g3 Rxd5 $11) 24. Rxe8+ Qxe8 25. Qg4 $40 {[%csl Gf5][%cal Rg4g7][%mdl 128] White has some attack.} g6 $1 26. Nxh6+ Kf8 27. c4 $1 Bb8 28. g3 {Threatens to win with Qh4.} Qd7 $2 {[%mdl 8192] [#]} (28... Kg7 $1 $14 29. Nf5+ Kf8) 29. Qh4 $1 $18 Kg7 {White must now prevent ...Rh8.} 30. Ng4 {White threatens Qh6+ and mate.} Rh8 31. Qf6+ Kg8 32. Kg2 Qf5 $2 (32... Bd6 {might work better.} 33. h4 Qxg4) 33. Qc3 (33. Qe7 $142 {Ng5 is the strong threat.} Kg7 34. Qxc5) 33... Bd6 34. Nf6+ Kf8 35. Nd7+ {[%mdl 64] Discovered Attack} Kg8 36. Nf6+ Kf8 {[#]} 37. g4 (37. Nh4 $1 $18 {[%cal Rh4f5] and White stays clearly on top.} Rxh4 38. gxh4) 37... Qf4 $16 38. Nd7+ {[%mdl 64] Discovered Attack} Kg8 39. Nf6+ Kf8 40. Ne4 Rh7 ({Better is} 40... Rxh3 $14 41. Kxh3 Qxe4) 41. Nxd6 $18 Qxd6 {[%mdl 4096] Endgame KQR-KQN} 42. Ng5 Rg7 43. Qe3 Qe7 $2 (43... b6 44. h4 Rg8) 44. Qf4 Kg8 45. d6 Qd7 46. Qf6 (46. Ne4 $142 Kf8 47. Nxc5 Qc6+ 48. Kg1 Qxc5 49. Qf6 (49. d7 Ke7 $16)) 46... Kf8 47. f3 Qe8 {intending ...Qe2+.} 48. Kf2 {Accuracy: White = 51%, Black = 38%.} 1-0

[Event "SVK ECo-C Extraliga 2018-19"]
[Site "Slovakia"]
[Date "2019.02.17"]
[Round "6"]
[White "Klekowski, Maciej"]
[Black "Piesik, Piotr"]
[Result "1-0"]
[WhiteElo "2499"]
[BlackElo "2420"]
[Annotator "TA"]
[PlyCount "75"]
[EventDate "2018.11.10"]
[EventType "team-tourn"]
[EventCountry "SVK"]
[SourceTitle "playchess.com"]
[Source "ChessBase"]
[SourceQuality "1"]
[WhiteTeam "Prakovce"]
[BlackTeam "Dubnica"]

{[%evp 20,75,0,0,0,0,5,0,0,-20,-20,-20,-20,-25,-19,-33,-24,-36,-45,-32,12,10,12,20,6,11,10,0,10,0,0,0,0,0,0,0,0,0,0,0,0,0,0,0,0,0,0,0,0,0,395,397,393,329,1053,1050,5402,2051]} 1. e4 c5 2. Nf3 d6 3. d4 cxd4 4. Nxd4 Nf6 5. Nc3 a6 6. Be2 e5 7. Nf3 Be7 8. Bg5 Be6 {B92: Sicilian Najdorf: 6 Be2} (8... Nbd7 9. a4 h6 10. Be3 Ng4 11. Bc1 Ngf6 12. O-O Nc5 13. Nd2 O-O 14. b4 Ne6 15. Nc4 Nd4 16. Be3 Nxe2+ 17. Qxe2 {½-½ (40) Giri,A (2783)-Nepomniachtchi,I (2763) St Petersburg 2018}) 9. Bxf6 Bxf6 10. Nd5 Nd7 11. Bc4 {LiveBook: 3 Games} Rc8 12. Qe2 $146 ({Predecessor:} 12. Bb3 Nc5 13. Nxf6+ Qxf6 14. Qxd6 Bxb3 15. Qxf6 gxf6 16. axb3 Nxe4 {1-0 (44) Spyropoulos,N (2378)-Cardoso Cardoso,J (2313) Porto Carras 2018}) 12... Nb6 13. Nxb6 Qxb6 14. Bb3 Qb4+ 15. Kf1 O-O 16. Rd1 Be7 17. c3 Qb6 18. Qc2 Qc6 19. Qd3 Bc4 (19... a5 {seems wilder.} 20. h4 b5 21. g3 Bc4 22. Bxc4 bxc4 23. Qd5 Qb6) 20. Bxc4 Qxc4 21. Qxc4 Rxc4 22. Nd2 Ra4 23. Ra1 f5 24. b3 Ra5 25. exf5 Rxf5 26. Ke2 d5 27. Rhd1 e4 28. Nf1 Bf6 29. Ne3 $36 {[%mdl 2048] Black is under pressure.} Rh5 30. b4 Ra3 31. Nxd5 Rxh2 32. Nxf6+ gxf6 $11 {[%mdl 4096] Endgame KRR-KRR} 33. Rd7 Rxg2 34. Rxb7 Rg7 $2 {[%mdl 8192] [#]} (34... Rxc3 $11 {and Black is okay.} 35. Rd1 Rc8) 35. Rxg7+ $18 Kxg7 36. Kd2 a5 $2 (36... e3+ 37. fxe3 Kf7) 37. b5 {[%cal Bb4b5,Bb5b6][%mdl 32]} Ra4 38. b6 {Precision: White = 70%, Black = 49%.} 1-0

[Event "SVK ECo-C Extraliga 2018-19"]
[Site "Slovakia"]
[Date "2019.02.17"]
[Round "6"]
[White "Jakubiec, Artur"]
[Black "Krak, Tomas"]
[Result "1-0"]
[WhiteElo "2477"]
[BlackElo "2298"]
[Annotator "TA"]
[PlyCount "75"]
[EventDate "2018.11.10"]
[EventType "team-tourn"]
[EventCountry "SVK"]
[SourceTitle "playchess.com"]
[Source "ChessBase"]
[SourceQuality "1"]
[WhiteTeam "Dunajov"]
[BlackTeam "Snina"]

{[%evp 9,75,-5,0,0,22,-6,13,-17,0,-20,0,0,0,0,0,0,0,0,15,0,0,0,7,-8,-19,-16,-15,-17,-16,-84,0,-2,-16,-36,-15,-29,-10,-47,-21,-48,58,39,44,49,54,47,99,106,116,122,264,111,591,132,112,118,405,382,407,399,387,367,4827,4818,4627,4627,29991,29992]} 1. e4 c5 2. c3 Nf6 3. d3 d5 4. e5 Ng8 5. f4 Nc6 6. Nf3 {B22: Sicilian: 2 c3} Nh6 7. Be3 e6 8. Bf2 $146 {The position is equal.} ({Predecessor:} 8. Nbd2 d4 9. Bf2 Be7 10. Ne4 b6 11. cxd4 cxd4 12. Rc1 {½-½ (32) Vajda,L (2557)-Nisipeanu,L (2638) Brasov 2011}) 8... Be7 9. d4 cxd4 10. cxd4 Qb6 11. Qd2 Bd7 12. Nc3 Rc8 13. Bd3 Na5 14. Rb1 Nc4 15. Qe2 Ng4 16. O-O Nxf2 17. Qxf2 Qa5 18. Qe2 g6 19. a3 (19. g3 $11) 19... b5 ({Better is} 19... Nxb2 $1 $17 20. Rxb2 Rxc3) 20. Nd1 $11 {[%cal Bc3d1,Bd1f2,Bf2g4,Bg4f6][%mdl 32]} b4 21. axb4 Qxb4 22. Nf2 Na5 23. Ng4 Nb3 24. Qf2 {[#]} Bb5 (24... Nxd4 $1 $15 {[%mdl 512]} 25. Nxd4 (25. Qxd4 Bc5) 25... Bc5) 25. Nf6+ $14 Bxf6 26. Bxb5+ $1 Qxb5 27. exf6 Qb4 (27... Qb6 $14) 28. Rbd1 $16 Rc7 29. Rd3 Na5 (29... Qb6 $16) 30. Qg3 (30. Rc3 $18 Rc4 31. f5 $1 {[%mdl 512]} gxf5 32. Ne5 Rxc3 33. bxc3) 30... Rc2 $2 {[%mdl 8192] [#]} ({Avoid the trap} 30... Qxb2 $2 31. f5 $1 $18 {[%mdl 512]}) (30... Qd6 $16 {is tougher.}) 31. Rc3 $2 (31. f5 $1 $18 {[%mdl 512] is the precise move to win.}) 31... Rxc3 32. bxc3 Qxc3 $2 {[%mdl 8192] [#]} (32... Qd6 $16 {keeps fighting.}) 33. f5 $1 $18 {[%mdl 512] Intending Qb8+ and mate.} Qe3+ (33... exf5 34. Qd6) 34. Kh1 {Qd6 would kill now.} O-O 35. fxg6 ({But not} 35. Re1 Qd3 $18) 35... Qh6 $2 ({Not} 35... hxg6 $2 36. Qh4 $18) (35... fxg6 36. Qc7 {[%mdl 64] Double Attack} Rxf6) 36. gxf7+ Kh8 37. Ng5 Nc4 38. Nxe6 {Accuracy: White = 42%, Black = 30%.} 1-0

[Event "SVK ECo-C Extraliga 2018-19"]
[Site "Slovakia"]
[Date "2019.02.17"]
[Round "6"]
[White "Cernousek, Lukas"]
[Black "Krejci, Jan"]
[Result "0-1"]
[WhiteElo "2426"]
[BlackElo "2562"]
[Annotator "TA"]
[PlyCount "62"]
[EventDate "2018.11.10"]
[EventType "team-tourn"]
[EventCountry "SVK"]
[SourceTitle "playchess.com"]
[Source "ChessBase"]
[SourceQuality "1"]
[WhiteTeam "Dubnica"]
[BlackTeam "Prakovce"]

{[%evp 24,62,41,26,50,23,39,39,31,37,50,51,33,17,30,39,20,0,0,0,27,27,27,20,26,27,7,20,29,3,48,27,27,-88,-54,-317,-47,-613,-491,-470,-465]} 1. e4 e5 2. Nf3 Nc6 3. Bb5 a6 4. Ba4 Nf6 5. O-O Be7 6. Re1 b5 7. Bb3 d6 8. c3 O-O 9. h3 Na5 10. Bc2 c5 11. d4 Qc7 12. Nbd2 Rd8 13. d5 c4 {C97: Closed Ruy Lopez: Chigorin Defence: 11 d4 Qc7, sidelines} 14. Re3 Bd7 15. b4 cxb3 {White is slightly better.} 16. axb3 Nb7 17. b4 a5 $146 ({Predecessor:} 17... Rdc8 18. Nb3 Be8 19. Nh4 g6 20. Nf5 Bf8 21. Rg3 {1-0 (53) Corrales Jimenez,F (2552)-Banusz,T (2498) Harkany 2008}) 18. Bb2 g6 19. Bd3 Nh5 20. Kh2 Bf8 21. g3 Qb6 22. Kg2 Bh6 23. Re1 axb4 24. cxb4 Rxa1 25. Bxa1 Ra8 26. Re2 Nd8 {[%cal Bb7d8,Bd8f7,Bf7g5,Bg5h3][%mdl 32]} 27. Nb3 f5 28. Nfd2 (28. exf5 $11 {keeps the balance.} gxf5 29. Nh4) 28... Nf7 $36 {[%mdl 2048] Black is pushing.} 29. Na5 $2 {[%mdl 8192]} (29. exf5 $1 $15 gxf5 30. Qb1) 29... Rf8 $2 ({Better is} 29... Bxd2 $19 30. Qxd2 f4) 30. Re1 $2 {[%mdl 8192]} (30. exf5 $15 gxf5 31. Qb1) 30... Ng5 31. exf5 {[#]} Nxh3 $1 {[%mdl 512] Accuracy: White = 30%, Black = 51%.} 0-1